<?xml version="1.0" encoding="UTF-8"?>
<record
    xmlns:xsi="http://www.w3.org/2001/XMLSchema-instance"
    xsi:schemaLocation="http://www.loc.gov/MARC21/slim http://www.loc.gov/standards/marcxml/schema/MARC21slim.xsd"
    xmlns="http://www.loc.gov/MARC21/slim">

  <leader>00712nam a22002177a 4500</leader>
  <controlfield tag="005">20170712120106.0</controlfield>
  <controlfield tag="008">170712b        xxu||||| |||| 00| 0 eng d</controlfield>
  <datafield tag="020" ind1=" " ind2=" ">
    <subfield code="a">978-2-10-074542-5</subfield>
  </datafield>
  <datafield tag="040" ind1=" " ind2=" ">
    <subfield code="a">BUAC</subfield>
    <subfield code="c">BUC</subfield>
  </datafield>
  <datafield tag="041" ind1=" " ind2=" ">
    <subfield code="a">Fre</subfield>
  </datafield>
  <datafield tag="100" ind1=" " ind2=" ">
    <subfield code="a">Plane, Jean-Michel</subfield>
  </datafield>
  <datafield tag="245" ind1=" " ind2=" ">
    <subfield code="a">Management des organisations :</subfield>
    <subfield code="b">th&#xE9;ories . concepts . performances</subfield>
    <subfield code="c">/ Jean-Michel Plane</subfield>
  </datafield>
  <datafield tag="250" ind1=" " ind2=" ">
    <subfield code="a">4e &#xE9;d.</subfield>
  </datafield>
  <datafield tag="260" ind1=" " ind2=" ">
    <subfield code="a">Paris :</subfield>
    <subfield code="b">Dunod,</subfield>
    <subfield code="c">2016</subfield>
  </datafield>
  <datafield tag="300" ind1=" " ind2=" ">
    <subfield code="a">VIII-311</subfield>
    <subfield code="b">couv. en coul. ;</subfield>
    <subfield code="c">24 cm.</subfield>
  </datafield>
  <datafield tag="440" ind1=" " ind2=" ">
    <subfield code="a">(Management Sup : management - ressources humaines)</subfield>
  </datafield>
  <datafield tag="500" ind1=" " ind2=" ">
    <subfield code="a">Bibliogr. pp. 295-307
Index pp. 309-311</subfield>
  </datafield>
  <datafield tag="630" ind1=" " ind2=" ">
    <subfield code="2">SCIENCES APPLIQUES - TECHNIQUES</subfield>
  </datafield>
  <datafield tag="650" ind1=" " ind2=" ">
    <subfield code="a">Organisation : gestion</subfield>
    <subfield code="9">19543</subfield>
  </datafield>
  <datafield tag="942" ind1=" " ind2=" ">
    <subfield code="c">LBA</subfield>
  </datafield>
  <datafield tag="999" ind1=" " ind2=" ">
    <subfield code="c">56592</subfield>
    <subfield code="d">56592</subfield>
  </datafield>
  <datafield tag="952" ind1=" " ind2=" ">
    <subfield code="0">0</subfield>
    <subfield code="1">0</subfield>
    <subfield code="4">0</subfield>
    <subfield code="7">0</subfield>
    <subfield code="a">BUAC</subfield>
    <subfield code="b">BUAC</subfield>
    <subfield code="c">R&#xE9;serve</subfield>
    <subfield code="d">2017-07-12</subfield>
    <subfield code="e">Don ARES</subfield>
    <subfield code="f">17/135</subfield>
    <subfield code="l">0</subfield>
    <subfield code="o">658 PLA</subfield>
    <subfield code="p">17-135BUC</subfield>
    <subfield code="r">2017-07-12 00:00:00</subfield>
    <subfield code="t">01</subfield>
    <subfield code="w">2017-07-12</subfield>
    <subfield code="y">LBA</subfield>
  </datafield>
  <datafield tag="952" ind1=" " ind2=" ">
    <subfield code="0">0</subfield>
    <subfield code="1">0</subfield>
    <subfield code="4">0</subfield>
    <subfield code="7">0</subfield>
    <subfield code="a">BUAC</subfield>
    <subfield code="b">BUAC</subfield>
    <subfield code="c">R&#xE9;serve</subfield>
    <subfield code="d">2017-07-12</subfield>
    <subfield code="e">Don ARES</subfield>
    <subfield code="f">17/139</subfield>
    <subfield code="l">0</subfield>
    <subfield code="o">658 PLA</subfield>
    <subfield code="p">17-139BUC</subfield>
    <subfield code="r">2017-07-12 00:00:00</subfield>
    <subfield code="t">02</subfield>
    <subfield code="w">2017-07-12</subfield>
    <subfield code="y">LBA</subfield>
  </datafield>
  <datafield tag="952" ind1=" " ind2=" ">
    <subfield code="0">0</subfield>
    <subfield code="1">0</subfield>
    <subfield code="4">0</subfield>
    <subfield code="7">0</subfield>
    <subfield code="a">BUAC</subfield>
    <subfield code="b">BUAC</subfield>
    <subfield code="d">2019-01-21</subfield>
    <subfield code="e">DON ARES</subfield>
    <subfield code="f">18/268</subfield>
    <subfield code="l">0</subfield>
    <subfield code="o">658 PLA</subfield>
    <subfield code="p">18-268Buc</subfield>
    <subfield code="r">2019-01-21 00:00:00</subfield>
    <subfield code="t">3</subfield>
    <subfield code="w">2019-01-21</subfield>
    <subfield code="y">LBA</subfield>
  </datafield>
</record>
